000 00811nam a2200229Ia 4500
003 OSt
005 20230523142525.0
008 210423s2013 xx 000 0 und d
020 _a978-93-82186-09-0
040 _cAL
041 _aeng
082 _a820.954 DHAI
100 _aDHAWAN (R K)
_9111339
245 _aIndian literature today: Vol 1 drama and fiction
260 _aNew Delhi
_bPrestige Books
_c2013
300 _a271
_bHB
365 _b600
_cINR
440 _v1
650 _aEnglish Criticism
_9111340
906 _aAmit Chaudhuri ; Amitav Ghosh ; Anita Desai ; Aravind Adiga ; Arun Joshi ; Athol Fugard ; Badal Sircar ; chastity ; cruelty ; dalit ; Dina Mehta ; drama ; fiction ; Girish Karnad ; Indian ; literature ; Mahasweta Devi ; Manju Kapur ; modernism ; Rohinton
942 _2ddc
_cBK
999 _c167956
_d167956